00582nam a22001577a 4500003001100000008004100011040003900052041000800091082001600099111008300115245004900198260005100247300005200298650004500350650002900395LK-CoMWRAF240611b |||||||| |||| 00| 0 eng d aLK-CoMWRAFdLK-CoMWRAFeLK-CoMWRAF aeng a305.42bWOM aTENTH NATIONAL CONVENTION ON WOMEN'S STUDIES c( Colombo,d 2-6 th April 2006) aSESSION XV:bGender, language and literature aColombo:b Centre for Women's Research, c2006 aVarious paging.; tables bBibliography included a WOMEN'S STUDIES- Sri Lanka- Congresses  aWomen authors- Sri Lanka